Sports in Motion Quiz Stats

 Plays Quiz Updated Feb 3, 2015

Challenge
Share
Tweet
Score 0/20 Timer 06:00
3 Plays Today
% Correct
sumo wrestling
98.4%
polo
95.3%
pole vault
94.6%
lacrosse
94.5%
cricket
92.4%
badminton
90.9%
curling
89.1%
field hockey
88.6%
bobsledding
87.8%
shot put
87.4%
% Correct
ski jumping
78.1%
parkour
68.9%
kayaking
65.8%
squash
64.8%
logrolling
54.3%
jai alai
38.1%
skijoring
24.1%
caber toss
23.6%
korfball
5.9%
tchoukball
2.1%

You're not logged in!

Compare scores with friends on all Sporcle quizzes.
Join for Free
OR
Log In

You Might Also Like...

Show Comments

Extras

Top Quizzes Today


Score Distribution

Your Account Isn't Verified!

In order to create a playlist on Sporcle, you need to verify the email address you used during registration. Go to your Sporcle Settings to finish the process.

Report this User

Report this user for behavior that violates our Community Guidelines.

Details: